| 000 | 01558fam a2200313 a 4500 | ||
|---|---|---|---|
| 001 | 1607103 | ||
| 005 | 20150818151222.0 | ||
| 008 | 940512s1995 enk b 001 0 eng | ||
| 010 | _a 94018435 | ||
| 020 | _a0415089972 | ||
| 035 | _a(OCoLC)30545339 | ||
| 035 | _a(OCoLC)ocm30545339 | ||
| 035 | _a(NNC)1607103 | ||
| 040 |
_aDLC _cDLC _dNNC _dOrLoB |
||
| 050 | 0 | 0 |
_aB818 _b.R87 1994 |
| 082 | 0 | 0 |
_a146/.7 _220 |
| 100 | 1 |
_aRuse, Michael. _913209 |
|
| 245 | 1 | 0 |
_aEvolutionary naturalism : _bselected essays / _cMichael Ruse. |
| 260 |
_aLondon ; _aNew York : _bRoutledge, _c1995. |
||
| 263 | _a9412 | ||
| 300 |
_ax, 316 p. ; _c23 cm. |
||
| 504 | _aIncludes bibliographical references (p. 292-310) and index. | ||
| 505 | 2 | _a1. Ought Philosophers Consider Scientific Discovery?: A Darwinian case study -- 2. Are Pictures Really Necessary?: The case of Sewall Wright's 'adaptive landscapes' -- 3. Controversy in Palaeontology: The theory of punctuated equilibria -- 4. A Threefold Parallelism for Our Time?: Progressive development in society, science and the organic world -- 5. Scientific Change is a Family Affair! -- 6. The View from Somewhere: A critical defence of evolutionary epistemology -- 7. Evolutionary Biology and Cultural Values: Is it irremediably corrupt? -- 8. Evolution and Ethics: The sociobiological approach -- 9. Evolutionary Ethics: The debate continues. | |
| 650 | 0 |
_aEvolution. _916208 |
|
| 650 | 0 |
_aEvolution (Biology) _910545 |
|
| 650 | 0 |
_aEthics, Evolutionary. _918651 |
|
| 900 | _bTOC | ||
| 942 |
_2lcc _cMONOGRAPH |
||
| 999 |
_c123069 _d123069 |
||